000 00519nam a2200169Ia 4500
999 _c34755
_d34755
003 OSt
005 20200201113634.0
008 190216s9999||||xx |||||||||||||| ||und||
040 _coclc
082 _a320.9
_bDUN/H
100 _aDunning, William Archibald
_91685
245 0 _aA History Of Political Theories /
_cWilliam Archibald Dunning
260 _bCentral Book Depot,
_c1966.
_aAllahabad:
300 _a360p
650 _aPolitical Science
942 _cBK
_2ddc
_h320.9
_iDUN/H
_k320.9
_mDUN/H